| 000 | 00735cam a22002531 4500 | ||
|---|---|---|---|
| 001 | sa 65000515 | ||
| 003 | DLC | ||
| 005 | 20260227112103.0 | ||
| 008 | 820915s1957 io a 000 0 eng | ||
| 010 | _asa 65000515 | ||
| 025 | _aPL480:Indo-S-197a | ||
| 035 | _a(OCoLC)8775444 | ||
| 040 |
_aDLC _cOCoLC _dDLC |
||
| 042 | _apremarc | ||
| 050 | 0 | 0 |
_aDS625 _b.A3 no. 9 |
| 100 | 1 | _aSoetopo, S. | |
| 245 | 1 | 0 | _aBatic. |
| 260 |
_a[Djakarta, _bMinistry of Education, Instruction and Culture, _c1957] |
||
| 300 |
_a40 p. _billus. _c31 cm. |
||
| 490 | 1 |
_aEducation and culture, _vno. 9 |
|
| 500 | _aIn English. | ||
| 650 | 0 | _aBatik. | |
| 810 | 1 |
_aIndonesia. _bDepartemen Pendidikan Dasar dan Kebudajaan. _tEducation and culture ; _vno. 9. |
|
| 999 |
_c61581 _d61581 |
||